MDQL
is popping MORE tags! Check the
thread
!
Quizzes
Events
Quiz Creation
Community
Videos
Private Events
Remove Ads
Sign In
Join for FREE
Feedback
Dark Mode
Quiz Categories
Sports
Geography
Music
Movies
Television
Just For Fun
Miscellaneous
History
Literature
Language
Science
Gaming
Entertainment
Religion
Holiday
For Kids
Quiz Lab
Recent
Popular Today
Quiz Kudos Today
Editor Picks
Curator Picks
Quizzes by...
Day
Popularity
Type
Ratings
Length
Year
Community
Subscriptions
Recent Discussions
Orange Saloon
Badges
Playlists
Quests
Create
Leaderboards
Showdown
Live 5
Trivia Bingo
Activity
Puzzle Library
Sporcle Events
Private Events
Virtual Trivia
Globe League
Become a Host
Pub Owners
SporcleCon
Opinionation
Our Games
Videos
Blog
Mobile Apps
Partnerships
Remove Ads and Go Orange
Feedback
Sports
Athletes
MLB
NBA
NHL
NFL
Soccer
Sports Teams
WWE
NCAA
Football
Premier League
Basketball
Baseball
Hockey
Golf
Tennis
Cricket
Rugby
Auto Racing
Olympics
World Cup
Sports
Athletes
MLB
NBA
NHL
NFL
Soccer
Sports Teams
WWE
NCAA
Football
Premier League
Basketball
Baseball
Hockey
Golf
Tennis
Cricket
Rugby
Auto Racing
Olympics
World Cup
Random Quiz
Search Sporcle
×
Quiz Lab
Quiz Lab
Sports
Football
Type in answers that appear in a list
Type in answers that appear in a list
Classic
Best Score? Go Orange.
NBA: San Antonio Spurs Roster (2000-2012) Stats
Can You Name The San Antonio Spurs Roster From 2000-2012?
By
Sepa
10m
198 Questions
2,599 Plays
2,599 Plays
2,599 Plays
Comments
Comments
Give Quiz Kudos
Give Quiz Kudos
-
- Ratings
hide this ad
More Info
Replay
Link that replays current quiz
Next Quiz
Link to next quiz in quiz playlist
You Got
0%
They Got
Avg Score
49%
Avg Friend Score
Upgrade to see
Score Distribution
Jump to the score distribution portion of the page
Score
0/198
Timer
10:00
0
Plays Today
Season
Spurs
% Correct
1999-
2000
Tim Duncan
99.2%
2000-
2001
Tim Duncan
99.2%
2001-
2002
Tim Duncan
99.2%
2002-
2003
Tim Duncan
99.2%
2003-
2004
Tim Duncan
99.2%
2004-
2005
Tim Duncan
99.2%
2005-
2006
Tim Duncan
99.2%
2006-
2007
Tim Duncan
99.2%
2007-
2008
Tim Duncan
99.2%
2008-
2009
Tim Duncan
99.2%
2009-
2010
Tim Duncan
99.2%
2011-
2012
Tim Duncan
98.8%
2001-
2002
Tony Parker
98.5%
2002-
2003
Tony Parker
98.5%
2003-
2004
Tony Parker
98.5%
2004-
2005
Tony Parker
98.5%
2005-
2006
Tony Parker
98.5%
2006-
2007
Tony Parker
98.5%
2007-
2008
Tony Parker
98.5%
2008-
2009
Tony Parker
98.5%
2009-
2010
Tony Parker
98.5%
2011-
2012
Tony Parker
97.8%
2002-
2003
Manu Ginobili
97.4%
2003-
2004
Manu Ginobili
97.4%
2004-
2005
Manu Ginobili
97.4%
2005-
2006
Manu Ginobili
97.4%
2006-
2007
Manu Ginobili
97.4%
2007-
2008
Manu Ginobili
97.4%
2008-
2009
Manu Ginobili
97.4%
2009-
2010
Manu Ginobili
97.4%
2011-
2012
Manu Ginobili
96.8%
1999-
2000
David Robinson
95.7%
2000-
2001
David Robinson
95.7%
2001-
2002
David Robinson
95.7%
2002-
2003
David Robinson
95.7%
2004-
2005
Glenn Robinson
92.8%
2010-
2011
Tim Duncan
86.7%
2010-
2011
Tony Parker
86%
2010-
2011
Manu Ginobili
85%
1999-
2000
Avery Johnson
81.6%
2000-
2001
Avery Johnson
81.6%
2011-
2012
Kawhi Leonard
80.7%
2001-
2002
Bruce Bowen
80.4%
2002-
2003
Bruce Bowen
80.4%
2003-
2004
Bruce Bowen
80.4%
2004-
2005
Bruce Bowen
80.4%
2005-
2006
Bruce Bowen
80.4%
2006-
2007
Bruce Bowen
80.4%
2007-
2008
Bruce Bowen
80.4%
2008-
2009
Bruce Bowen
80.4%
2011-
2012
Tiago Splitter
79.8%
2007-
2008
Dermarr Johnson
79.3%
2004-
2005
Linton Johnson III
79.3%
2001-
2002
Stephen Jackson
76.4%
2002-
2003
Stephen Jackson
76.4%
2011-
2012
Danny Green
76.2%
1999-
2000
Jaren Jackson
75.1%
2000-
2001
Jaren Jackson
75.1%
2008-
2009
George Hill
71.1%
2009-
2010
George Hill
71.1%
2009-
2010
DeJuan Blair
67.2%
2006-
2007
Matt Bonner
66.9%
2007-
2008
Matt Bonner
66.9%
2008-
2009
Matt Bonner
66.9%
2009-
2010
Matt Bonner
66.9%
2005-
2006
Fabrico Oberto
66.3%
Season
Spurs
% Correct
2006-
2007
Fabrico Oberto
66.3%
2007-
2008
Fabrico Oberto
66.3%
2008-
2009
Fabrico Oberto
66.3%
2011-
2012
Matt Bonner
66.1%
1999-
2000
Sean Elliott
65.9%
2000-
2001
Sean Elliott
65.9%
2010-
2011
Tiago Splitter
65.9%
2005-
2006
Michael Finley
65.6%
2006-
2007
Michael Finley
65.6%
2007-
2008
Michael Finley
65.6%
2008-
2009
Michael Finley
65.6%
2011-
2012
DeJuan Blair
63.9%
2003-
2004
Robert Horry
62.2%
2004-
2005
Robert Horry
62.2%
2005-
2006
Robert Horry
62.2%
2006-
2007
Robert Horry
62.2%
2007-
2008
Robert Horry
62.2%
2010-
2011
George Hill
60.9%
2001-
2002
Steve Smith
60.7%
2002-
2003
Steve Smith
60.7%
2009-
2010
Richard Jefferson
60.2%
2001-
2002
Charles Smith
59.9%
2010-
2011
Matt Bonner
58.9%
2010-
2011
DeJuan Blair
58.4%
1999-
2000
Steve Kerr
56.6%
2000-
2001
Steve Kerr
56.6%
2002-
2003
Steve Kerr
56.6%
2003-
2004
Rasho Nesterovic
55.1%
2004-
2005
Rasho Nesterovic
55.1%
2005-
2006
Rasho Nesterovic
55.1%
2004-
2005
Nazr Mohammed
53.8%
2005-
2006
Nazr Mohammed
53.8%
2011-
2012
Richard Jefferson
52.3%
2011-
2012
James Anderson
51.9%
2000-
2001
Derrick Anderson
51.4%
2010-
2011
Richard Jefferson
51.3%
1999-
2000
Malik Rose
51.1%
2000-
2001
Malik Rose
51.1%
2001-
2002
Malik Rose
51.1%
2002-
2003
Malik Rose
51.1%
2003-
2004
Malik Rose
51.1%
2009-
2010
Antonio McDyess
48.4%
2011-
2012
Gary Neal
48.3%
2004-
2005
Brent Barry
47.3%
2005-
2006
Brent Barry
47.3%
2006-
2007
Brent Barry
47.3%
2007-
2008
Brent Barry
47.3%
2010-
2011
James Anderson
47.2%
2004-
2005
Beno Udrih
45.2%
2005-
2006
Beno Udrih
45.2%
2006-
2007
Beno Udrih
45.2%
2008-
2009
Marcus Williams
42.5%
2003-
2004
Devin Brown
42.2%
2004-
2005
Devin Brown
42.2%
2010-
2011
Gary Neal
41.7%
2010-
2011
Antonio McDyess
41.5%
2003-
2004
Hedo Turkoglu
41.3%
2007-
2008
Kurt Thomas
38.3%
2008-
2009
Kurt Thomas
38.3%
1999-
2000
Antonio Daniels
36.2%
2000-
2001
Antonio Daniels
36.2%
2001-
2002
Antonio Daniels
36.2%
2011-
2012
Malcolm Thomas
35.5%
2008-
2009
Roger Mason Jr.
33.4%
2009-
2010
Roger Mason Jr.
33.4%
2000-
2001
Danny Ferry
32.1%
Season
Spurs
% Correct
2001-
2002
Danny Ferry
32.1%
2002-
2003
Danny Ferry
32.1%
2002-
2003
Speedy Claxton
31.4%
2002-
2003
Kevin Willis
30.2%
2003-
2004
Kevin Willis
30.2%
2011-
2012
T.J. Ford
28%
2006-
2007
Jacque Vaughn
27.1%
2007-
2008
Jacque Vaughn
27.1%
2008-
2009
Jacque Vaughn
27.1%
1999-
2000
Terry Porter
26.6%
2001-
2002
Terry Porter
26.6%
2000-
2001
Terrry Porter
25.9%
2007-
2008
Ian Mahinmi
23.6%
2009-
2010
Ian Mahinmi
23.6%
1999-
2000
Samaki Walker
23.3%
2000-
2001
Samaki Walker
23.3%
2005-
2006
Nick Van Exel
22.6%
2006-
2007
Francisco Elson
22.6%
1999-
2000
Mario Ellie
18.8%
2006-
2007
James White
18.3%
2007-
2008
Ime Udoka
16.4%
2008-
2009
Ime Udoka
16.4%
2003-
2004
Anthony Carter
16.2%
1999-
2000
Jerome Kersey
16.1%
2007-
2008
Damon Stoudamire
14.6%
2009-
2010
Keith Bogans
14.5%
2008-
2009
Drew Gooden
14.2%
2004-
2005
Sean Marks
14%
2005-
2006
Sean Marks
14%
2002-
2003
Mengke Bateer
13.7%
2003-
2004
Ron Mercer
12.1%
2004-
2005
Tony Massenburg
11.1%
2006-
2007
Jackie Butler
10.9%
2008-
2009
Malik Hairston
10.8%
2009-
2010
Malik Hairston
10.8%
2001-
2002
Jason Hart
10.2%
2009-
2010
Garrett Temple
10%
2003-
2004
Charlie Ward
9.2%
2006-
2007
Melvin Ely
8.4%
2010-
2011
Garrett Temple
8%
2009-
2010
Alonzo Gee
7.8%
2003-
2004
Alex Garcia
7.3%
2010-
2011
Alonzo Gee
7%
2003-
2004
Shane Heal
6.8%
2001-
2002
Mark Bryant
6.7%
2000-
2001
Shawnelle Scott
6.5%
1999-
2000
Derrick Dial
6.4%
2000-
2001
Derrick Dial
6.4%
2009-
2010
Marcus Haislip
5.8%
2010-
2011
Bobby Simmons
5.8%
2007-
2008
Darius Washington
5.8%
2011-
2012
Cory Jospeh
5.7%
2003-
2004
Matt Carroll
5.3%
2004-
2005
Mike Wilks
5.2%
1999-
2000
Felton Spencer
4.7%
2009-
2010
Curtis Jerrells
4.5%
2008-
2009
Austin Croshere
4.3%
2000-
2001
Ira Newble
4%
2008-
2009
Blake Ahearn
3.2%
2004-
2005
Dion Glover
3.2%
2005-
2006
Melvin Sanders
2.8%
2003-
2004
Jason Heart
2.8%
2007-
2008
Keith Langford
2.7%
2008-
2009
Desmon Farmer
2.2%
2001-
2002
Amal McKaskill
2.2%
2005-
2006
Alex Scales
1.8%
Quiz Playlist
Details
Report
Send in Message
Add To Playlist
More Info:
FOR MORE NBA QUIZES CLICK ON MY USERNAME.
Classic:
Type in answers that appear in a list
Quiz Source
Last Updated: Nov 30, 2023
Quiz Scoreboard
CHALLENGE
Sign Up to Join the Scoreboard
Show All
Scores
Hide
Comments
May contain spoilers
Recently Published
Colored Red Africa Blitz
by spor1
Geography
30s
Find the 'City' Movie
by crazypaving
Movies
60s
5x2 Blitz: Bands
by SL_Kpop136
Music
30s
More to Explore
Quiz From the Vault
Featured Blog Post
14 Easter Pick-up Lines to Find Eggs With
hide this ad
You Might Also Like...
Tags
College Quiz
Football Quiz
2000
antonio
Roster
san
San Antonio
San Antonio Spurs
Today's Top Quizzes in Sports
Browse Sports
hide this ad
Today's Top Quizzes in Football
Browse Football
Top Contributed Quizzes in Sports
1
Players with Multiple 50 Home Run Seasons
2
Who Needs Fielders?
3
Criteria MLB: Left Handed Sluggers
4
MLB Players with Two .350 Batting Average Seasons
5
Who Hit More Homers?
6
2020 F1 Drivers Logic Puzzle
7
NBA Teammate Connections
8
Premier League Clubs since 2000 (minefield)
9
MLB Teams by First Game
10
Top 10 NHL Goal Scorers of All Time
Explore More
Trending Topics
NBA
Marvel
Crossword
Anime
Harry Potter
Disney
Kpop
Country
Pokémon
The Office
Song
Soccer
WWE
Puzzle
NFL
hide this ad
More By:
Sepa
Quiz
Plays
Rating
Category
Featured
Created
Marvel Characters (A-Z)
218,223
4.22
Entertainment
May 5, 2011
Marvel: Most Published Characters 1-100
181,454
4.44
Entertainment
May 1, 2010
NBA Double-Double Averages (2000-2010)
146,212
4.30
Sports
Dec 1, 2010
DC Comics: Most Published Characters 1-100
93,400
3.97
Entertainment
Jan 3, 2011
1970s World History
91,163
4.23
History
Feb 3, 2010
Go to Creator's Profile
Score Distribution
Quiz Creator Spotlight
Sepa
Follow
Send a Message
Quizzes Created
-
Created Quiz Play Count
-
More By This Creator
Popular Quizzes Today
1
5x2 Blitz: Bands
2
Find the 'City' Movie
3
Colored Red Africa Blitz
4
Find the US States - No Outlines Minefield
5
The Countries of the World
6
Find the US States
7
9x9 Crossword: Cartoon Network
8
US States
More Sports Quizzes
Pakistan - 50 Highest Individual Test Scores
Quiz Lab
Trending Quizzes
Colored Red Africa Blitz II
Colored Red Europe Blitz I
Christmas Pick: Judaism
Colored Red Africa Blitz III
Colored Red Europe Blitz II
Recently Updated
Champions League XIs: Real Madrid
pecheneg
Largest US Cities 1790-2010
pecheneg
Rides in Walt Disney World
pecheneg
Most Oscar Losses (Acting)
pecheneg
Beyoncé Albums
pecheneg
Leaping Animals
pecheneg
Reality TV Shows (A-Z)
bhenderson79
Rickey Henderson's Hall of Fame Teammates
pecheneg
Champions League XIs: Arsenal
pecheneg
Quick Pick: Celebrities in WWE's Hall of Fame
aduchscher
Trending Topics
Kpop
Disney
Marvel
Crossword
NBA
Harry Potter
Anime
WWE
Soccer
NFL
Country
The Office
Pokémon
Song
Puzzle
Your Account Isn't Verified!
In order to create a playlist on Sporcle, you need to verify the email address you used during registration. Go to your
Sporcle Settings
to finish the process.
Report this User
Report this user for behavior that violates our
Community Guidelines
.
Details:
Send Report
Go to the Sporcle.com Mobile Site →
Comments